<?xml version="1.0" encoding="UTF-8"?>
<marc:record xmlns:marc="http://www.loc.gov/MARC21/slim">
   <marc:leader>00000nam a2200000 a 4500</marc:leader>
   <marc:datafield ind1="1" ind2=" " tag="100">
      <marc:subfield code="a">Roth, Gerhard</marc:subfield>
      <marc:subfield code="4">aut</marc:subfield>
      <marc:subfield code="e">Verfasser/-in</marc:subfield>
   </marc:datafield>
   <marc:datafield ind1=" " ind2=" " tag="653">
      <marc:subfield code="a">Ägypten</marc:subfield>
   </marc:datafield>
   <marc:datafield ind1="0" ind2="0" tag="245">
      <marc:subfield code="a">Der Strom</marc:subfield>
   </marc:datafield>
   <marc:datafield ind1="0" ind2="0" tag="245">
      <marc:subfield code="b">Roman</marc:subfield>
   </marc:datafield>
   <marc:datafield ind1="0" ind2="0" tag="245">
      <marc:subfield code="c">Gerhard Roth</marc:subfield>
   </marc:datafield>
   <marc:datafield ind1=" " ind2="1" tag="264">
      <marc:subfield code="a">Frankfurt a.M.</marc:subfield>
      <marc:subfield code="b">S.Fischer</marc:subfield>
      <marc:subfield code="c">2002</marc:subfield>
   </marc:datafield>
   <marc:datafield ind1="1" ind2=" " tag="520">
      <marc:subfield code="a">Thomas Mach, ein junger Österreicher aus Wien, reist nach Ägypten. Er soll an die Stelle Eva Blums treten, einer jungen Reiseleiterin, die kurz zuvor bei einem Sturz aus dem Fenster ihres Zimmers im 16. Stockwerk des Sheraton-Hotels in Kairo ums Leben gekommen ist - aber war ihr Tod wirklich nur ein Unfall?&lt;br/&gt;Geleitet von Evas Tagebuch und seiner inneren Stimme, setzt sich Mach auf die Spur der Verstorbenen. Er durchstreift die Straßen von Kairo und Alexandria, unternimmt Abstecher zu Klöstern und Oasenstätten und verstrickt sich dabei immer tiefer im dichten Gewebe einer fremden Wirklichkeit und in den undeutbaren Schleifen der arabischen Schrift. Als plötzlich der Ehemann von Eva Blum auftaucht, scheinen sich die Dinge endgültig zum Kriminalfall zu entwickeln. Wieviele Leben führte Eva wirklich? </marc:subfield>
   </marc:datafield>
   <marc:datafield ind1=" " ind2=" " tag="020">
      <marc:subfield code="a">9783100660565</marc:subfield>
      <marc:subfield code="9">9783100660565</marc:subfield>
   </marc:datafield>
   <marc:datafield ind1=" " ind2=" " tag="041">
      <marc:subfield code="a">ger</marc:subfield>
   </marc:datafield>
   <marc:datafield ind1="1" ind2=" " tag="521">
      <marc:subfield code="a">0</marc:subfield>
   </marc:datafield>
   <marc:datafield ind1=" " ind2=" " tag="300">
      <marc:subfield code="a">343 S.</marc:subfield>
   </marc:datafield>
</marc:record>
